Calila e Dimna / (Record no. 38655)
[ view plain ]
| 000 -LEADER | |
|---|---|
| campo de control de longitud fija | 00714nam a2200229 i 4500 |
| 001 - NÚMERO DE CONTROL | |
| campo de control | 38655 |
| 003 - IDENTIFICADOR DE NÚMERO DE CONTROL | |
| campo de control | ES-MaACL |
| 005 - FECHA Y HORA DE LA ÚLTIMA TRANSACCIÓN | |
| campo de control | 20230906155809.0 |
| 007 - CAMPO FIJO DE DESCRIPCIÓN FÍSICA--INFORMACIÓN GENERAL | |
| campo de control de longitud fija | t| |
| 008 - DATOS DE LONGITUD FIJA--INFORMACIÓN GENERAL | |
| campo de control de longitud fija | 030226s1984 sp f ||||1| spa d |
| 080 ## - NÚMERO DE LA CLASIFICACIÓN DECIMAL UNIVERSAL | |
| Número de la Clasificación Decimal Universal | 821.411.21-31"07" |
| 130 0# - ENTRADA PRINCIPAL--TÍTULO UNIFORME | |
| Título uniforme | Calila y Dimna. |
| 9 (RLIN) | 119651 |
| 245 10 - MENCIÓN DEL TÍTULO | |
| Título | Calila e Dimna / |
| Mención de responsabilidad, etc. | edición, introducción y notas de Juan Manuel Cacho Blecua y María Jesús Lacarra. |
| 260 ## - PUBLICACIÓN, DISTRIBUCIÓN, ETC. | |
| Lugar de publicación, distribución, etc. | Madrid : |
| Nombre del editor, distribuidor, etc. | Castalia, |
| Fecha de publicación, distribución, etc. | [1984] |
| 300 ## - DESCRIPCIÓN FÍSICA | |
| Extensión | 407 p. : |
| Otras características físicas | 5 lám. ; |
| Dimensiones | 18 cm. |
| 490 1# - MENCIÓN DE SERIE | |
| Mención de serie | Clásicos Castalia |
| 700 1# - ENTRADA AGREGADA--NOMBRE PERSONAL | |
| Nombre de persona | Cacho Blecua, Juan Manuel. |
| 9 (RLIN) | 33356 |
| 700 1# - ENTRADA AGREGADA--NOMBRE PERSONAL | |
| Nombre de persona | Lacarra, María Jesús. |
| 9 (RLIN) | 69330 |
| 830 0# - PUNTO DE ACCESO ADICIONAL DE SERIE-TÍTULO UNIFORME | |
| Título uniforme | Clásicos Castalia |
| 9 (RLIN) | 178595 |
| 852 ## - LOCALIZACIÓN | |
| Ubicación | ES-MaACL |
| Número de control de estantería | L-7937 |
| Estatus retirado | Estado de pérdida | Estado de daño | No para préstamo | Biblioteca de origen | Biblioteca actual | Ubicación en estantería | Fecha de adquisición | Fuente de adquisición | Total de préstamos | Signatura topográfica completa | Código de barras | Visto por última vez | Precio de reemplazo | Tipo de ítem Koha |
|---|---|---|---|---|---|---|---|---|---|---|---|---|---|---|
| Biblioteca del Ateneo de Madrid | Biblioteca del Ateneo de Madrid | Depósito 2 | 17/01/2008 | L-7937 | 1040706 | 23/02/2023 | 23/02/2023 | Libro impreso |
